000 01515nam2a2200337 4500
001 RU\NLR\BIBL_A\022229879
005 20250806202941.0
035 _a(NLR Aleph) 022229879
090 _a11213
_c11213
100 _a20250806 rusy50
101 0 _arus
102 _aRU
135 _acrcn 024anaba
200 0 _a1943, № 172 (5421) (21 авг.)
210 _d1943
300 _a№ 172 (5421): валовый номер указан ошибочно - 5471
325 1 _aКопия доступна в электронной библиотеке РНБ
461 0 _1001RU\NLR\BIBL_A\010707649
_12001#$aСмена$eПетербург. еженед газ.$v1943, № 172 (5471) (21 авг.)
852 _aNLR
_jЛ2
856 0 _uhttps://vivaldi.nlr.ru/ap000099831/view
856 1 _uhttps://vivaldi.nlr.ru/ap000099831/cover
856 2 _uhttps://vivaldi.nlr.ru/ap000099831/text
901 _eГазеты
942 _cISSNP
945 _aРоссийская национальная библиотека
980 _aNB
980 _aBV
981 4 4 _a(44) Оцифровано по рекомендациям читателей
981 3 7 _a(37) Ленинград в Великой Отечественной войне
_b(37) Газеты блокадного Ленинграда
981 2 7 _a(27) Периодические издания
_b(27) Газеты